|
|
|
|
| LEADER |
00809cam a2200241ua 4500 |
| 001 |
2229 |
| 005 |
20191212161512.0 |
| 007 |
ta |
| 008 |
080728s1986 g b000 u eng u |
| 041 |
1 |
|
|a eng
|h NULL
|
| 082 |
1 |
4 |
|a 004.03
|b LON
|
| 100 |
1 |
|
|a Longley, Dennis .
|
| 245 |
1 |
0 |
|a Macmillan dictionary of personal computing and communications /
|c Dennis Longley.
|h Textual Documents
|
| 260 |
|
|
|a London :
|b Macmillan ,
|c 1986.
|
| 300 |
|
|
|a NULL ;
|c NULL.
|
| 541 |
|
|
|e 00148
|
| 653 |
|
0 |
|a Computer science
|
| 653 |
|
0 |
|a Dictionary
|
| 700 |
1 |
|
|a Shain, Michael .
|
| 852 |
1 |
|
|t 1
|p DCS00148
|b R
|k 004.03
|f 00000
|m LON
|
| 942 |
|
|
|c BK
|
| 999 |
|
|
|c 238958
|d 238958
|
| 952 |
|
|
|0 0
|1 0
|2 ddc
|4 0
|6 004_030000000000000_LON
|7 0
|9 253483
|a DCS
|b DCS
|d 2019-12-12
|f 00000
|l 0
|m 0
|o 004.03 LON
|p DCS00148
|r 2019-12-12
|t 1
|w 2019-12-12
|y BK
|